| 000 | 00440 a2200169 4500 | ||
|---|---|---|---|
| 001 | 190595 | ||
| 020 | _a85-16-04755-5 | ||
| 040 | _cMagnum | ||
| 100 | _aPinto, Manuel da Costa | ||
| 240 | 1 | 0 |
_aAntologia de crônicas: crônica brasileira contemporânea _lpor |
| 245 | 1 | 0 | _aAntologia de crônicas: crônica brasileira contemporânea |
| 300 | _a279 | ||
| 362 | 0 | _a2005 | |
| 440 | 1 | _aModerna | |
| 697 | _aLITERATURA GERAL | ||
| 942 | _cBK | ||
| 999 |
_c190595 _d190595 |
||